Top 50 Clubs With Most Points in the 5 Latest Seasons (20) - Statistics

General Stats
  • This quiz has been taken 87 times
  • The average score is 38 of 50
Answer Stats
# 15/16 16/17 17/18 18/19 19/20 P Club % Correct
4 91 90 93 87 82 443 FC Barcelona
100%
6 90 93 76 68 87 414 Real Madrid
100%
1 88 82 84 78 82 463 Bayern Munich
99%
14 50 93 70 72 66 351 Chelsea
99%
7 60 76 75 97 99 407 Liverpool
99%
5 66 78 100 98 81 423 Manchester City
99%
2 96 87 93 91 68 462 Paris-Saint Germain
99%
3 91 91 95 90 83 450 Juventus
98%
15 66 69 81 66 66 348 Manchester United
98%
22 57 63 64 68 66 318 AC Milan
96%
17 71 75 63 70 56 335 Arsenal
95%
13 67 62 72 69 82 352 Inter Milan
95%
10 78 64 55 76 69 382 Borussia Dortmund
94%
12 70 86 77 71 59 363 Tottenham Hotspur
94%
9 88 78 79 76 70 391 Atlético Madrid
93%
8 82 86 91 79 62 400 SSC Napoli
93%
16 65 67 78 72 40 340 Olympique Lyonnais
91%
32 44 46 73 61 53 277 Valencia
91%
11 80 87 77 66 70 380 AS Roma
89%
21 48 62 77 61 56 321 Olympique Marseille
89%
19 54 70 72 59 78 333 SS Lazio
89%
23 52 72 58 59 70 311 Sevilla
88%
18 65 95 80 36 40 334 AS Monaco
86%
38 47 61 49 54 49 260 Everton
83%
29 81 44 47 52 62 286 Leicester City
81%
31 67 53 66 66 282 RB Leipzig
80%
30 60 46 38 75 49 283 Lille OSC
79%
24 60 41 55 58 63 310 Bayer 04 Leverkusen
75%
20 45 72 60 69 78 324 Atalanta
74%
27 64 67 61 44 60 296 Villarreal
74%
36 64 60 57 41 49 271 ACF Fiorentina
72%
48 62 45 42 52 39 240 West Ham United
70%
35 62 63 43 53 51 272 Athletic Bilbao
69%
46 45 37 33 55 49 245 VfL Wolfsburg
69%
37 48 64 49 50 56 267 Real Sociedad
67%
39 52 43 63 33 39 257 Schalke 04
67%
26 55 45 47 55 65 298 Borussia Mönchengladbach
62%
40 50 59 55 41 37 255 FC Girondins de Bordeaux
58%
25 63 78 54 56 41 308 OGC Nice
57%
45 48 51 52 48 37 249 FC Nantes
54%
42 36 42 49 54 45 253 Eintracht Frankfurt
52%
32 52 50 58 52 50 277 Stade Rennais
52%
34 58 50 55 66 30 273 AS Saint-Étienne
48%
44 49 39 51 59 40 251 Montpellier HSC
47%
42 50 49 43 43 41 253 Hertha BSC Berlin
46%
40 45 53 54 63 40 255 Torino FC
44%
49 40 48 54 53 42 237 UC Sampdoria
43%
28 37 62 55 51 52 287 1899 Hoffenheim
40%
47 61 46 43 43 51 244 Sassuolo
35%
49 43 54 51 47 42 237 Eibar
12%
No matching quizzes found
Score Distribution
Percent of People with Each Score
Percentile by Number Answered
Your Score History
You have not taken this quiz